000 00218nam a22001097a 4500
999 _c65218
_d65215
082 _a297 YOU
100 _aYoussef El-Digwy
245 _aIslam the ideal religion
260 _aLahore
300 _a179
942 _cBK